Catálogo

!AUN A TIEMPO HERMANOS ¡ : (Registro nro. 32993)

Detalles MARC
000 -LEADER
fixed length control field 00409nam a2200157 a 4500
001 - CONTROL NUMBER
control field 32993
005 - DATE AND TIME OF LATEST TRANSACTION
control field 20180714000725.0
008 - FIXED-LENGTH DATA ELEMENTS--GENERAL INFORMATION
fixed length control field 140415s2002 mx 000 0 spa d
041 ## - LANGUAGE CODE
Language code of text/sound track or separate title spa
082 ## - DEWEY DECIMAL CLASSIFICATION NUMBER
Classification number 205
Item number ROD
245 00 - TITLE STATEMENT
Title !AUN A TIEMPO HERMANOS ¡ :
Remainder of title JUAN PABLO
250 ## - EDITION STATEMENT
Edition statement 1a ed.ICIÓN
260 ## - PUBLICATION, DISTRIBUTION, ETC.
Place of publication, distribution, etc. MEXICO :
Name of publisher, distributor, etc. DESCONOCIDA,
Date of publication, distribution, etc. 2002
300 ## - PHYSICAL DESCRIPTION
Extent 105
Dimensions 12 x 2 x 22
650 14 - SUBJECT ADDED ENTRY--TOPICAL TERM
Topical term or geographic name entry element RELIGION
Existencias
Withdrawn status Lost status Source of classification or shelving scheme Damaged status Not for loan Collection code Home library Current library Shelving location Date acquired Source of acquisition Total Checkouts Full call number Barcode Date last seen Price effective from Koha item type
    Dewey Decimal Classification     Referencia Tehuacán Tehuacán Referencia 03/12/2013 Compra   205 ROD 507952 08/01/2025 03/12/2013 Libro R